Argentina Squad FIFA World Cup 2026 - Statistics

General Stats
  • This quiz has been taken 62 times
  • The average score is 18 of 26
Answer Stats
Position Club Player % Correct
GK Aston Villa Emiliano Martinez
100%
ST Inter Milan Lautauro Martinez
95%
CAM/F9 Inter Miami Lionel Messi
95%
CB Man United Lisandro Martinez
95%
CB Spurs Cristian Romero
93%
CM Chelsea Enzo Fernandez
91%
ST Atletico Julian Alvarez
86%
CDM Liverpool Alexis Mac Allister
84%
CM Inter Miami Rodrigo De Paul
84%
CB Benfica Nicolas Otamendi
82%
LB Lyon Nicolas Tagliafico
77%
RW Real Madrid Franco Mastantuono
75%
RB Atletico Nahuel Molina
75%
CM Como Nico Paz
75%
LW Atletico Guiliano Simeone
73%
LW Rosaria Central Angel Di Maria
68%
Manager ... Lionel Scaloni
66%
GK Villarreal Geronimo Rulli
59%
RB River Plate Ariel Montiel
52%
LB River Plate Marcos Acuña
52%
RW Atletico Nicolas Gonzalez
45%
GK River Plate Franco Armani
41%
CAM Atletico Thiago Almada
41%
CDM Juventus Leandro Paredes
36%
CB Real Betis German Pezzella
23%
RW Benfica Gianluca Prestianni
23%
No matching quizzes found
Score Distribution
Percent of People with Each Score
Percentile by Number Answered
Your Score History
You have not taken this quiz